| 000 | 00641nam a2200205Ia 4500 | ||
|---|---|---|---|
| 005 | 20231110110556.0 | ||
| 008 | 131103s9999 xx 000 0 und d | ||
| 020 |
_a171410424 _c20.00 pds |
||
| 040 | _aLoreto College | ||
| 041 | _aEnglish | ||
| 082 |
_a709 _bART |
||
| 245 | _aArt Treasures 0f The Vatican | ||
| 250 |
_aedited by D.Redig De Compos;translated by J.Gerber _b architecture,painting,sculpture with 410 colour illustrations |
||
| 260 |
_a[s.l.] _bSpectrun _c1975 |
||
| 300 |
_a398 p. _b 410 col.,illus. |
||
| 650 | _aArchitechture, Painting,Sculpture | ||
| 700 | _aDe Campos,D.Redig,ed. | ||
| 850 | _aLCLIB | ||
| 942 | _cBK | ||
| 999 |
_c17433 _d67912 |
||